[Event "10. Lovsprings EMT Mesterklassen 1998"]
[Site "Ringsted"]
[Date "1998.03.13"]
[Round "1"]
[White "Arnkilde, Anders"]
[Black "Flindt, Thomas"]
[Result "1/2-1/2"]
[WhiteElo "2059"]
[BlackElo "1882"]
[PlyCount "123"]
[EventDate "1998.??.??"]

1. e4 c5 2. Nf3 Nc6 3. d4 cxd4 4. Nxd4 g6 5. Nc3 Bg7 6. Be3 Nf6 7. Bc4 O-O 8.
Bb3 d6 9. f3 a6 10. Qd2 Bd7 11. O-O-O Na5 12. h4 b5 13. g4 Nxb3+ 14. cxb3 b4
15. Nd5 Nxd5 16. exd5 Qa5 17. Kb1 Qxd5 18. Qg2 a5 19. h5 g5 20. h6 Bf6 21. Rh5
Kh8 22. Qe2 a4 23. bxa4 Rxa4 24. Nb3 Qe6 25. Qd2 Rxa2 26. Nd4 Qc4 27. Qd3 Qd5
28. Bc1 Bxd4 29. Qxd4+ Qxd4 30. Rxd4 b3 31. Bxg5 Rfa8 32. Kc1 Rc8+ 33. Kd1 f6
34. Bd2 Rxb2 35. Ra5 Rbc2 36. Ra7 b2 37. Rb4 Rc1+ 38. Ke2 b1=Q 39. Rxb1 Rxb1
40. Rxd7 Re8 41. g5 fxg5 42. Bxg5 Rb5 43. f4 Kg8 44. Kf3 Kf7 45. Ra7 Ke6 46.
Kg4 Rc5 47. Rb7 d5 48. f5+ Ke5 49. Bxe7 Rc4+ 50. Kh5 Kxf5 51. Bg5 Rh8 52. Rf7+
Ke6 53. Rf6+ Ke5 54. Ra6 Rc2 55. Ra7 d4 56. Re7+ Kd6 57. Ra7 Rh2+ 58. Kg4 Rg2+
59. Kh4 Rg8 60. Rg7 Rxg5 61. Kxg5 Re8 62. Kf4 1/2-1/2

[Event "10. Lovsprings EMT Mesterklassen 1998"]
[Site "Ringsted"]
[Date "1998.03.13"]
[Round "1"]
[White "Haar, Bjarne"]
[Black "Madsen, Morten"]
[Result "0-1"]
[WhiteElo "1931"]
[BlackElo "1976"]
[PlyCount "112"]
[EventDate "1998.??.??"]

1. e4 b6 2. d4 Bb7 3. Bd3 g6 4. Ne2 Bg7 5. Be3 Nf6 6. f3 d6 7. O-O Nbd7 8. c3
O-O 9. Qd2 Re8 10. Na3 e5 11. Bg5 exd4 12. cxd4 a6 13. Rac1 b5 14. b4 Qb8 15.
Bh6 Nh5 16. g4 Bxh6 17. Qxh6 Ng7 18. h4 c5 19. bxc5 dxc5 20. Kg2 cxd4 21. Nxd4
Qd6 22. Nac2 Ne5 23. Rcd1 Rac8 24. Be2 Qe7 25. Ne3 Red8 26. h5 Nd7 27. Rh1 Nf8
28. hxg6 fxg6 29. Qh4 Qxh4 30. Rxh4 Nfe6 31. Nxe6 Nxe6 32. Kg3 Rxd1 33. Bxd1
Kg7 34. Rh2 Rc3 35. Kf2 Nd4 36. Nf1 Ra3 37. Kg3 Bxe4 38. Rf2 Bd5 39. Rd2 Bxf3
40. Bb3 Nxb3 41. Rd7+ Kf6 42. axb3 Be2 43. Nd2 Bc4 44. Kf4 g5+ 45. Ke3 Be6 46.
Rd4 h6 47. Ne4+ Ke7 48. Nc5 Ra1 49. Kd2 Bc8 50. Ke2 Rg1 51. Kf3 Rc1 52. Nd3 Rc3
53. Re4+ Kf6 54. Rd4 Rxb3 55. Ke2 Rc3 56. Nb4 Rc4 0-1

[Event "10. Lovsprings EMT Mesterklassen 1998"]
[Site "Ringsted"]
[Date "1998.03.13"]
[Round "1"]
[White "Jorgensen, Gert"]
[Black "Nordenbaek, Jan"]
[Result "1-0"]
[WhiteElo "2005"]
[BlackElo "2237"]
[PlyCount "111"]
[EventDate "1998.??.??"]

1. d4 Nf6 2. c4 g6 3. Nc3 Bg7 4. e4 d6 5. Nf3 O-O 6. Be2 e5 7. dxe5 dxe5 8.
Qxd8 Rxd8 9. Bg5 c6 10. O-O Re8 11. Rad1 Nbd7 12. Rd6 Nh5 13. Rfd1 Nf8 14. c5
Nf4 15. Bxf4 exf4 16. Bc4 Bxc3 17. bxc3 Be6 18. R1d4 Bxc4 19. Rxc4 Ne6 20. Kf1
Re7 21. Ne1 Rd8 22. Nd3 Kg7 23. Nxf4 b5 24. Nxe6+ Rxe6 25. Rxd8 bxc4 26. f3 Re5
27. Ra8 Rxc5 28. Rxa7 Rb5 29. Ra4 h5 30. Rxc4 Rb1+ 31. Kf2 h4 32. f4 Rb2+ 33.
Kf3 Rxa2 34. Rxc6 h3 35. gxh3 Rxh2 36. Kg3 Re2 37. e5 Re3+ 38. Kg4 Re1 39. Rc7
Rg1+ 40. Kf3 Kf8 41. Rd7 Rf1+ 42. Kg3 Rc1 43. Rd3 Ke7 44. Kg4 Ke6 45. Kg5 Rg1+
46. Kh6 Rf1 47. Rd6+ Ke7 48. Rf6 Rf3 49. Kg7 Rxc3 50. Rxf7+ Ke8 51. Kxg6 Rxh3
52. Ra7 Rf3 53. f5 Rh3 54. e6 Rh2 55. f6 Rg2+ 56. Kh5 1-0

[Event "10. Lovsprings EMT Mesterklassen 1998"]
[Site "Ringsted"]
[Date "1998.03.13"]
[Round "1"]
[White "Pedersen, Henrik Dahl"]
[Black "Jensen, Leif"]
[Result "0-1"]
[WhiteElo "1937"]
[BlackElo "2049"]
[PlyCount "78"]
[EventDate "1998.??.??"]

1. c4 e5 2. Nc3 g6 3. g3 Bg7 4. Bg2 c6 5. d3 d6 6. Nf3 f5 7. O-O Nf6 8. Qc2 O-O
9. b4 a6 10. Rb1 Re8 11. e3 Nbd7 12. Nd2 Nf8 13. Nb3 Qc7 14. a4 Bd7 15. a5 Rac8
16. Na4 Be6 17. Nb6 Rcd8 18. Bb2 N8d7 19. Nxd7 Qxd7 20. d4 e4 21. Rfd1 Qf7 22.
Bf1 h6 23. Ba3 d5 24. Nd2 dxc4 25. Bxc4 Bxc4 26. Nxc4 Qe6 27. Nb6 Nd5 28. Na4
Bf8 29. Nc5 Bxc5 30. dxc5 Rd7 31. Bb2 Kh7 32. Rd4 h5 33. h4 Kh6 34. Qd2 Kh7 35.
Qe2 Rg8 36. Kf1 Qf7 37. Ke1 g5 38. hxg5 Rxg5 39. Qf1 Rd8 0-1

[Event "10. Lovsprings EMT Mesterklassen 1998"]
[Site "Ringsted"]
[Date "1998.03.13"]
[Round "1"]
[White "Jorgensen, Brian"]
[Black "Kronow, Jacob"]
[Result "1-0"]
[WhiteElo "2137"]
[BlackElo "2044"]
[PlyCount "49"]
[EventDate "1998.??.??"]

1. d4 d5 2. c4 e5 3. dxe5 d4 4. Nf3 Nc6 5. a3 Bg4 6. g3 Bxf3 7. exf3 Nxe5 8.
Bh3 Nf6 9. O-O Be7 10. Re1 Nc6 11. b4 O-O 12. Nd2 Nd7 13. Bb2 Bf6 14. Ne4 Nde5
15. Rc1 Re8 16. f4 Nd7 17. Qd3 Rb8 18. Bf5 h6 19. Rc2 Nde5 20. fxe5 Nxe5 21.
Qd1 g6 22. Nxf6+ Qxf6 23. Be4 d3 24. Rd2 Rbd8 25. f4 1-0

[Event "10. Lovsprings EMT Mesterklassen 1998"]
[Site "Ringsted"]
[Date "1998.03.13"]
[Round "1"]
[White "Eddy, Samuel"]
[Black "Preuss, Flemming"]
[Result "0-1"]
[WhiteElo "1935"]
[BlackElo "2062"]
[PlyCount "80"]
[EventDate "1998.??.??"]

1. d4 f5 2. h3 d5 3. g4 fxg4 4. hxg4 Bxg4 5. Qd3 Qd7 6. Bh3 Nf6 7. Bxg4 Qxg4 8.
Qb5+ Nbd7 9. Qxb7 Rb8 10. Qxc7 Qxd4 11. Nf3 Qb6 12. Qg3 Ne4 13. Qh4 e6 14. e3
Be7 15. Qh5+ g6 16. Qg4 Bf6 17. Nbd2 Ndc5 18. Rb1 O-O 19. O-O Rf7 20. Nd4 Re8
21. b4 Na4 22. Nxe4 dxe4 23. Bd2 Bxd4 24. exd4 Qxd4 25. Be3 Qc4 26. Rb3 Nc3 27.
Rxc3 Qxc3 28. Qxe4 e5 29. Bc5 Qh3 30. Rd1 Rf4 31. Qd5+ Kh8 32. Rd3 Rg4+ 33. Rg3
Rxg3+ 34. fxg3 Qxg3+ 35. Kh1 Qh4+ 36. Kg1 Qg5+ 37. Kh2 a6 38. Qd7 Rd8 39. Qf7
Rd2+ 40. Bf2 Qf4+ 0-1

[Event "10. Lovsprings EMT Mesterklassen 1998"]
[Site "Ringsted"]
[Date "1998.03.13"]
[Round "1"]
[White "Krogh, Peter Ove"]
[Black "Jorgensen, Michael"]
[Result "0-1"]
[WhiteElo "2019"]
[BlackElo "2253"]
[PlyCount "48"]
[EventDate "1998.??.??"]

1. c4 f5 2. Nf3 Nf6 3. Nc3 g6 4. b3 Bg7 5. Bb2 d6 6. d4 O-O 7. e3 c6 8. Be2 Na6
9. O-O Bd7 10. a3 Qe8 11. b4 Nc7 12. Qb3 Kh8 13. Rad1 Qf7 14. d5 h6 15. h3 Kh7
16. Ne1 Rac8 17. a4 cxd5 18. cxd5 Nfxd5 19. Nxd5 Bxb2 20. Bc4 Be6 21. Qxb2 Bxd5
22. Bxd5 Nxd5 23. e4 fxe4 24. Qd4 e3 0-1

[Event "10. Lovsprings EMT Mesterklassen 1998"]
[Site "Ringsted"]
[Date "1998.03.13"]
[Round "1"]
[White "Foli, Karsten"]
[Black "Christensen, Lars (1957)"]
[Result "1/2-1/2"]
[WhiteElo "1932"]
[BlackElo "1990"]
[PlyCount "81"]
[EventDate "1998.??.??"]

1. e4 c5 2. Nf3 d6 3. d4 cxd4 4. c3 dxc3 5. Nxc3 Nc6 6. Bc4 Nf6 7. O-O h6 8.
Qe2 e5 9. Rd1 a6 10. a4 Be7 11. h3 Bd7 12. Be3 O-O 13. Nh2 Rc8 14. f4 Na5 15.
Ba2 Rxc3 16. bxc3 Bxa4 17. Bxf7+ Rxf7 18. Rxa4 b5 19. fxe5 bxa4 20. exf6 Bxf6
21. Qxa6 Nb7 22. Qxa4 Bxc3 23. Qb3 Bf6 24. Ng4 h5 25. Nf2 Qe7 26. Qc4 Be5 27.
Nd3 Bf6 28. Rf1 Nd8 29. Nf4 Bg5 30. Nd5 Rxf1+ 31. Kxf1 Qf7+ 32. Ke2 Ne6 33.
Bxg5 Nxg5 34. Ne3 Qxc4+ 35. Nxc4 Nxe4 36. Ke3 d5 37. Ne5 Kf8 38. Kd4 Nf6 39.
Ng6+ Kf7 40. Nf4 g6 41. Nxd5 1/2-1/2

[Event "10. Lovsprings EMT Mesterklassen 1998"]
[Site "Ringsted"]
[Date "1998.03.20"]
[Round "2"]
[White "Christensen, Lars (1957)"]
[Black "Flindt, Thomas"]
[Result "0-1"]
[WhiteElo "1990"]
[BlackElo "1882"]
[PlyCount "78"]
[EventDate "1998.??.??"]

1. d4 Nf6 2. Nf3 e6 3. e3 c5 4. c3 Nc6 5. Bd3 d5 6. Nbd2 cxd4 7. exd4 Bd6 8.
Qc2 Qc7 9. Ng5 h6 10. Ngf3 Bd7 11. Nb3 Rc8 12. a3 Na5 13. Nxa5 Qxa5 14. Qe2 b5
15. Bd2 Qb6 16. Ne5 a6 17. h4 Bc6 18. Rh3 Ke7 19. Rg3 Rcg8 20. Be3 Qc7 21. f4
Ne4 22. Rf3 Be8 23. Bxe4 dxe4 24. Rg3 f6 25. Bd2 g5 26. Qxe4 f5 27. Qd3 Bxe5
28. fxe5 gxh4 29. Rh3 Rxg2 30. O-O-O Rg4 31. Be1 Bc6 32. Bxh4+ Kd7 33. Bf6 Be4
34. Bxh8 Bxd3 35. Rdxd3 Qc4 36. Rd1 Rg2 37. Rhd3 Qd5 38. Bf6 f4 39. Rh3 Qb3 0-1

[Event "10. Lovsprings EMT Mesterklassen 1998"]
[Site "Ringsted"]
[Date "1998.03.20"]
[Round "2"]
[White "Foli, Karsten"]
[Black "Arnkilde, Anders"]
[Result "0-1"]
[WhiteElo "1932"]
[BlackElo "2059"]
[PlyCount "98"]
[EventDate "1998.??.??"]

1. e4 e5 2. Bc4 Nc6 3. d3 Bc5 4. Ne2 d6 5. O-O Nf6 6. Be3 O-O 7. Bxc5 dxc5 8.
Nbc3 Nd4 9. h3 c6 10. a4 g6 11. Nxd4 cxd4 12. Ne2 Be6 13. Bxe6 fxe6 14. Qd2 Nh5
15. Kh2 g5 16. g3 Qf6 17. Ng1 Rf7 18. Qe2 Ng7 19. Kg2 Raf8 20. Rab1 h5 21. b4
Rc8 22. Rbc1 c5 23. Rb1 Rfc7 24. Rfc1 c4 25. Qd2 g4 26. a5 Rf8 27. Rf1 cxd3 28.
cxd3 gxh3+ 29. Kxh3 h4 30. g4 Rfc8 31. Rb2 Rc3 32. f4 exf4 33. Rxf4 Rxd3+ 34.
Qxd3 Qxf4 35. Ne2 Qf2 36. Qxd4 Qf3+ 37. Kxh4 Qh1+ 38. Kg3 Rf8 39. Qe3 e5 40.
Rc2 Ne6 41. Rc1 Qh7 42. Ng1 Rf4 43. Rc4 Qg6 44. Qe2 Ng5 45. Nh3 Nxe4+ 46. Kh2
Qxg4 47. Qd3 Qh4 48. Rc8+ Kg7 49. Rc7+ Kg6 0-1

[Event "10. Lovsprings EMT Mesterklassen 1998"]
[Site "Ringsted"]
[Date "1998.03.20"]
[Round "2"]
[White "Jensen, Leif"]
[Black "Jorgensen, Brian"]
[Result "1/2-1/2"]
[WhiteElo "2049"]
[BlackElo "2137"]
[PlyCount "63"]
[EventDate "1998.??.??"]

1. e4 d5 2. Nc3 dxe4 3. Nxe4 Nf6 4. Qf3 Nc6 5. Bb5 Bd7 6. Nc5 Nd4 7. Bxd7+ Nxd7
8. Qc3 Nxc5 9. Qxc5 e6 10. Qc4 Qh4 11. Kf1 Qh5 12. f3 O-O-O 13. d3 Qa5 14. a3
Qc5 15. Qxc5 Bxc5 16. b4 Nxc2 17. Ra2 Bxg1 18. Rxc2 Bb6 19. Ke2 Rd5 20. Bf4
Rhd8 21. Rhc1 e5 22. Be3 c6 23. Bxb6 axb6 24. Rc3 Kc7 25. Ke3 Kd6 26. g4 Rd4
27. h4 Ke6 28. Rg1 f6 29. h5 c5 30. bxc5 bxc5 31. Rb1 R8d7 32. Rb5 1/2-1/2

[Event "10. Lovsprings EMT Mesterklassen 1998"]
[Site "Ringsted"]
[Date "1998.03.20"]
[Round "2"]
[White "Jorgensen, Michael"]
[Black "Preuss, Flemming"]
[Result "1-0"]
[WhiteElo "2253"]
[BlackElo "2062"]
[PlyCount "93"]
[EventDate "1998.??.??"]

1. d4 f5 2. Nf3 d6 3. g3 c6 4. Bg2 Qc7 5. b3 e5 6. dxe5 dxe5 7. Bb2 Bb4+ 8. c3
Be7 9. c4 Nd7 10. O-O Ngf6 11. Nc3 e4 12. Ng5 Ne5 13. Qd4 Ng6 14. c5 h6 15. Nh3
Be6 16. b4 O-O 17. Rad1 a5 18. a3 Rfd8 19. Qe3 Ng4 20. Qc1 axb4 21. axb4 b6 22.
Rxd8+ Qxd8 23. Rd1 Qc7 24. f3 exf3 25. exf3 Nf6 26. Qe3 Bf7 27. cxb6 Qb7 28. b5
f4 29. Nxf4 Nxf4 30. Qxf4 Qxb6+ 31. Kh1 cxb5 32. Qe5 Re8 33. Qxb5 Qxb5 34. Nxb5
Rb8 35. Bf1 Be8 36. Bc4+ Kf8 37. Bxf6 Bxf6 38. Nd4 Rb2 39. Ne6+ Ke7 40. Nf4 Bc6
41. Bd5 Ba4 42. Re1+ Kd7 43. Be4 Rd2 44. Nd5 Bd4 45. Ne3 Ke6 46. Bc2 Bxc2 47.
Nc4+ 1-0

[Event "10. Lovsprings EMT Mesterklassen 1998"]
[Site "Ringsted"]
[Date "1998.03.20"]
[Round "2"]
[White "Krogh, Peter Ove"]
[Black "Eddy, Samuel"]
[Result "0-1"]
[WhiteElo "2019"]
[BlackElo "1935"]
[PlyCount "76"]
[EventDate "1998.??.??"]

1. c4 e5 2. Nc3 Bb4 3. e3 Nc6 4. Nd5 f5 5. a3 Be7 6. b4 Nf6 7. Bb2 d6 8. Ne2
O-O 9. Nec3 Nb8 10. Be2 c6 11. Nxe7+ Qxe7 12. d4 e4 13. d5 Nbd7 14. dxc6 bxc6
15. O-O Ne5 16. Qd2 Be6 17. Qc2 Nxc4 18. Bc1 Ne5 19. Na4 Qf7 20. Nb2 Rac8 21.
h3 c5 22. Qd1 Rfd8 23. Bd2 Bb3 24. Qe1 c4 25. Bc3 Nd3 26. Qd2 Nd5 27. Bd1 Bxd1
28. Nxd1 Nc7 29. a4 Ne6 30. Qa2 d5 31. f3 Qg6 32. Kh2 d4 33. fxe4 dxc3 34. exf5
Qf6 35. fxe6 Qxf1 36. e7 Re8 37. Nxc3 Qf6 38. g3 Qxc3 0-1

[Event "10. Lovsprings EMT Mesterklassen 1998"]
[Site "Ringsted"]
[Date "1998.03.20"]
[Round "2"]
[White "Kronow, Jacob"]
[Black "Pedersen, Henrik Dahl"]
[Result "0-1"]
[WhiteElo "2044"]
[BlackElo "1937"]
[PlyCount "74"]
[EventDate "1998.??.??"]

1. d4 Nf6 2. c4 e6 3. Nc3 Bb4 4. f3 d5 5. a3 Be7 6. e3 O-O 7. Nh3 c5 8. Be2 Nc6
9. dxc5 a5 10. Na4 e5 11. Nb6 Bxh3 12. gxh3 Bxc5 13. Nxa8 d4 14. e4 Qxa8 15.
Bd3 Qc8 16. Rg1 Qxh3 17. Qe2 g6 18. Bg5 Nd7 19. O-O-O Rc8 20. Rg4 h5 21. Rh4
Qe6 22. Rg1 Bd6 23. f4 exf4 24. Bh6 f3 25. Qxf3 Nce5 26. Qxh5 Nxd3+ 27. Kb1 Rc5
28. Qe2 Qxc4 29. Rhg4 N7e5 30. R4g3 Rb5 31. Bc1 Bxa3 32. Qc2 Qe6 33. Ka1 Bxb2+
34. Bxb2 Rxb2 35. Qa4 Nc5 36. Qxa5 Nb3+ 37. Kxb2 Nxa5 0-1

[Event "10. Lovsprings EMT Mesterklassen 1998"]
[Site "Ringsted"]
[Date "1998.03.20"]
[Round "2"]
[White "Madsen, Morten"]
[Black "Jorgensen, Gert"]
[Result "0-1"]
[WhiteElo "1976"]
[BlackElo "2005"]
[PlyCount "94"]
[EventDate "1998.??.??"]

1. e4 d5 2. exd5 Qxd5 3. Nc3 Qa5 4. d4 Nf6 5. Nf3 c6 6. Bd2 Bf5 7. b4 Qc7 8.
Nh4 Bg4 9. Be2 Bd7 10. O-O e6 11. Rb1 Be7 12. Nf3 O-O 13. Bd3 a5 14. b5 Bb4 15.
Qe2 cxb5 16. Nxb5 Bxb5 17. Bxb5 Qxc2 18. Bxb4 Qxe2 19. Bxe2 axb4 20. Rxb4 Rxa2
21. Bc4 Rc2 22. Bb3 Rc7 23. Ra1 Nc6 24. Rc4 Rfc8 25. Rac1 Nd5 26. Kf1 Kf8 27.
g3 Ke7 28. Ke2 b5 29. R4c2 Ndb4 30. Rd2 Na5 31. Rxc7+ Rxc7 32. Rb2 Nac6 33. Kd2
f6 34. Bd1 Ra7 35. Be2 Ra5 36. Ne1 Kd6 37. Nd3 Nxd3 38. Bxd3 Nxd4 39. Bxh7 Nf3+
40. Ke3 Nxh2 41. Bd3 Ng4+ 42. Kd4 Ra4+ 43. Kc3 Ra3+ 44. Kd4 e5+ 45. Ke4 g6 46.
Kf3 Rxd3+ 47. Kxg4 Kc5 0-1

[Event "10. Lovsprings EMT Mesterklassen 1998"]
[Site "Ringsted"]
[Date "1998.03.20"]
[Round "2"]
[White "Nordenbaek, Jan"]
[Black "Haar, Bjarne"]
[Result "1-0"]
[WhiteElo "2237"]
[BlackElo "1931"]
[PlyCount "115"]
[EventDate "1998.??.??"]

1. e4 e6 2. d3 c5 3. Nf3 Nc6 4. g3 b6 5. Bg2 Bd6 6. O-O Nge7 7. d4 Ba6 8. Re1
cxd4 9. Nxd4 Bc7 10. Be3 O-O 11. Nc3 Rc8 12. Ndb5 Be5 13. f4 Bxc3 14. Nxc3 Na5
15. Kh1 Bb7 16. Nb5 Nc4 17. Nxa7 Ra8 18. Nb5 Nxb2 19. Qd4 Na4 20. Nd6 Bc6 21.
Qb4 f5 22. c4 Ra6 23. exf5 Qa8 24. Re2 Nxf5 25. Nxf5 Rxf5 26. Kg1 Nc5 27. Bh3
Bf3 28. Rd2 Rh5 29. Bf1 Qe4 30. Re1 Qc6 31. Qb5 Ra8 32. Rb1 Qe4 33. Re1 Qc6 34.
Rb1 Qe4 35. Bf2 Na4 36. Qb4 Qc6 37. h3 Be4 38. Rbd1 d5 39. g4 Rh6 40. cxd5 exd5
41. Bd4 Bf3 42. Re1 Re6 43. Rc2 Nc5 44. Rxe6 Qxe6 45. Rxc5 bxc5 46. Qb7 cxd4
47. Qxa8+ Kf7 48. Qa7+ Kf8 49. Qxd4 Qe1 50. Qf2 Qc3 51. a4 Be4 52. f5 Qc7 53.
f6 g5 54. Bg2 Qc1+ 55. Kh2 Qc7+ 56. Qg3 Qb6 57. Qe5 Qb7 58. Qe7+ 1-0

[Event "10. Lovsprings EMT Mesterklassen 1998"]
[Site "Ringsted"]
[Date "1998.03.27"]
[Round "3"]
[White "Arnkilde, Anders"]
[Black "Jensen, Leif"]
[Result "0-1"]
[WhiteElo "2059"]
[BlackElo "2049"]
[PlyCount "80"]
[EventDate "1998.??.??"]

1. e4 e6 2. d4 d5 3. exd5 exd5 4. c4 c6 5. Nc3 Be6 6. cxd5 Bxd5 7. Nxd5 Qxd5 8.
Be2 Bb4+ 9. Kf1 Nf6 10. Bf3 Qc4+ 11. Ne2 O-O 12. g3 Nbd7 13. a3 Ba5 14. Kg2
Rad8 15. b3 Qe6 16. Qc2 Nd5 17. Bb2 N7f6 18. Rad1 Ng4 19. Bc1 Rfe8 20. h3 Ngf6
21. Bb2 Ne4 22. Rd3 Ng5 23. Ng1 Nxf3 24. Nxf3 Qe2 25. Qxe2 Rxe2 26. Bc1 Rde8
27. Ne5 f6 28. Nc4 Be1 29. Rf1 Rc2 30. Be3 Bc3 31. Kf3 Re6 32. b4 Bxb4 33. Rc1
Nxe3 34. Nxe3 Rxc1 35. axb4 Rd6 36. Nf5 Rd7 37. d5 cxd5 38. Rd4 Kf7 39. Rg4 g6
40. Nd4 g5 0-1

[Event "10. Lovsprings EMT Mesterklassen 1998"]
[Site "Ringsted"]
[Date "1998.03.27"]
[Round "3"]
[White "Christensen, Lars (1957)"]
[Black "Nordenbaek, Jan"]
[Result "0-1"]
[WhiteElo "1990"]
[BlackElo "2237"]
[PlyCount "42"]
[EventDate "1998.??.??"]

1. e4 c5 2. c3 d5 3. exd5 Qxd5 4. d4 Nc6 5. Nf3 Bg4 6. Be2 cxd4 7. cxd4 e6 8.
Nc3 Qd6 9. O-O Nf6 10. Nb5 Qd8 11. Bf4 Nd5 12. Bg3 a6 13. Nc3 Nf6 14. Qb3 Bd6
15. Ne5 Bxe2 16. Nxf7 Kxf7 17. Qxb7+ Qc7 18. Qxc7+ Bxc7 19. Nxe2 Bxg3 20. hxg3
Rhd8 21. Rac1 Nxd4 0-1

[Event "10. Lovsprings EMT Mesterklassen 1998"]
[Site "Ringsted"]
[Date "1998.03.27"]
[Round "3"]
[White "Eddy, Samuel"]
[Black "Pedersen, Henrik Dahl"]
[Result "0-1"]
[WhiteElo "1935"]
[BlackElo "1937"]
[PlyCount "60"]
[EventDate "1998.??.??"]

1. e4 e6 2. d4 d5 3. e5 c5 4. c3 Nc6 5. Be3 Qb6 6. Qd2 Bd7 7. Nf3 f6 8. Be2
cxd4 9. cxd4 fxe5 10. Nxe5 Nxe5 11. dxe5 Qc7 12. O-O Qxe5 13. Bd4 Qd6 14. Bh5+
Kd8 15. Qc3 Ne7 16. Be5 Qb6 17. Bxg7 Rc8 18. Bd4 Qa6 19. Qf3 Rg8 20. Bf7 Rg5
21. Bxe6 Bxe6 22. Qxf8+ Kd7 23. Qf4 Rg4 24. Qd2 Rxg2+ 25. Kxg2 Rg8+ 26. Kf3
Qxf1 27. Be5 Rf8+ 28. Ke3 Nf5+ 29. Kf4 Nd4+ 30. Ke3 Rf3+ 0-1

[Event "10. Lovsprings EMT Mesterklassen 1998"]
[Site "Ringsted"]
[Date "1998.03.27"]
[Round "3"]
[White "Flindt, Thomas"]
[Black "Jorgensen, Brian"]
[Result "1-0"]
[WhiteElo "1882"]
[BlackElo "2137"]
[PlyCount "127"]
[EventDate "1998.??.??"]

1. e4 d5 2. exd5 Qxd5 3. Nc3 Qa5 4. d4 Nf6 5. Bd2 c6 6. Bc4 Bf5 7. Nd5 Qd8 8.
Nxf6+ exf6 9. Qe2+ Be7 10. Bb4 Bxc2 11. Kd2 Bf5 12. Re1 Be6 13. Bxe7 Qxe7 14.
Bxe6 fxe6 15. Qxe6 Qxe6 16. Rxe6+ Kf7 17. Re3 Rd8 18. Nf3 Na6 19. Rhe1 Rd7 20.
a3 Rad8 21. Kc2 Nc7 22. g3 Nb5 23. a4 Nc7 24. Nd2 Nd5 25. R3e2 Nb4+ 26. Kc3 a5
27. Nc4 Nd5+ 28. Kc2 Ra8 29. Re6 Rc7 30. Nd6+ Kg6 31. R1e4 h5 32. f4 Rd8 33.
f5+ Kh6 34. h4 Kh7 35. Nc4 c5 36. Nxa5 cxd4+ 37. Kd3 Nb4+ 38. Kd2 d3 39. Rxb4
Rc2+ 40. Kd1 d2 41. Nb3 Rxb2 42. Rd4 Rxd4 43. Nxd4 Ra2 44. Nb3 Rxa4 45. Kxd2
Rg4 46. Re3 g6 47. fxg6+ Kxg6 48. Kd3 f5 49. Rf3 f4 50. gxf4 Rxh4 51. f5+ Kf6
52. Nc5 Rb4 53. Ne4+ Kf7 54. Rh3 Rb3+ 55. Nc3 b5 56. Kc2 Ra3 57. Rxh5 b4 58.
Nd5 b3+ 59. Kb2 Ra5 60. f6 Rb5 61. Rh7+ Kg8 62. Rg7+ Kh8 63. Nf4 Rb8 64. Ng6#
1-0

[Event "10. Lovsprings EMT Mesterklassen 1998"]
[Site "Ringsted"]
[Date "1998.03.27"]
[Round "3"]
[White "Haar, Bjarne"]
[Black "Krogh, Peter Ove"]
[Result "1-0"]
[WhiteElo "1931"]
[BlackElo "2019"]
[PlyCount "45"]
[EventDate "1998.??.??"]

1. e4 c5 2. Nf3 Qc7 3. Nc3 a6 4. d4 cxd4 5. Nxd4 e6 6. g3 Bb4 7. Bd2 Nc6 8.
Nde2 Nge7 9. a3 Bc5 10. Bg2 h5 11. b4 Ba7 12. h4 Ne5 13. Nf4 Ng4 14. O-O g6 15.
Nce2 d6 16. c4 Qxc4 17. Bc3 e5 18. Rc1 Qb5 19. Qxd6 exf4 20. Bxh8 Qxe2 21. Rc7
Nc6 22. Bg7 Bxf2+ 23. Kh1 1-0

[Event "10. Lovsprings EMT Mesterklassen 1998"]
[Site "Ringsted"]
[Date "1998.03.27"]
[Round "3"]
[White "Jorgensen, Gert"]
[Black "Jorgensen, Michael"]
[Result "1/2-1/2"]
[WhiteElo "2005"]
[BlackElo "2253"]
[PlyCount "133"]
[EventDate "1998.??.??"]

1. e4 e6 2. d4 d5 3. exd5 exd5 4. Nf3 Nc6 5. Be2 Bd6 6. O-O Nge7 7. c4 dxc4 8.
Bxc4 O-O 9. Bg5 Bg4 10. d5 Ne5 11. Be2 f6 12. Be3 Nxf3+ 13. Bxf3 Bxf3 14. Qxf3
Be5 15. Bc5 Bxb2 16. Qb3 Qxd5 17. Qxb2 Qxc5 18. Qxb7 Nd5 19. Nd2 Rab8 20. Qa6
Rb6 21. Qd3 Nb4 22. Qe2 Qd5 23. Nb3 Re6 24. Qg4 Re4 25. Qf3 Rfe8 26. Rad1 Qb5
27. Nd2 Rd4 28. Qb3+ Qd5 29. Nc4 Nd3 30. Ne3 Qxb3 31. axb3 c5 32. Ra1 Rd7 33.
Rfd1 Red8 34. Ra5 g6 35. g3 f5 36. Kf1 f4 37. gxf4 Nxf4 38. Rxd7 Rxd7 39. Rxc5
Rb7 40. Rc3 Kf7 41. Ke1 Ke6 42. Kd2 Rd7+ 43. Kc2 Ke5 44. Nc4+ Ke4 45. Re3+ Kf5
46. Rf3 g5 47. Re3 Nd5 48. Re8 h5 49. Rf8+ Ke4 50. Nd2+ Kd4 51. Nf3+ Kc5 52.
Nxg5 Kb4 53. Kb2 Re7 54. Rb8+ Nb6 55. Rf8 Re2+ 56. Kc1 Kxb3 57. Rf3+ Kc4 58.
Nh3 Nd5 59. Rf5 Nc3 60. Rf8 Ra2 61. Rc8+ Kd4 62. Rd8+ Ke4 63. Re8+ Kf5 64. Rc8
Ne2+ 65. Kb1 Ra3 66. f3 Nd4 67. Rc5+ 1/2-1/2

[Event "10. Lovsprings EMT Mesterklassen 1998"]
[Site "Ringsted"]
[Date "1998.03.27"]
[Round "3"]
[White "Kronow, Jacob"]
[Black "Foli, Karsten"]
[Result "1-0"]
[WhiteElo "2044"]
[BlackElo "1932"]
[PlyCount "81"]
[EventDate "1998.??.??"]

1. d4 f5 2. e4 fxe4 3. Nc3 Nf6 4. Bg5 d5 5. Bxf6 exf6 6. Qh5+ g6 7. Qxd5 Bb4 8.
Qxe4+ Kf7 9. Bc4+ Kg7 10. O-O-O Bxc3 11. bxc3 Re8 12. Qf3 Qd6 13. Ne2 Nc6 14.
Rhe1 Qa3+ 15. Kb1 Bd7 16. Nf4 Qd6 17. h4 Na5 18. Bd3 b5 19. h5 f5 20. hxg6 hxg6
21. Qd5 Qxd5 22. Nxd5 c6 23. Nc7 Rxe1 24. Rxe1 Rf8 25. Ne6+ Bxe6 26. Rxe6 Kf7
27. Rd6 a6 28. Rd7+ Ke6 29. Ra7 Kd6 30. Rxa6 Nc4 31. Bxc4 bxc4 32. Ra7 Re8 33.
Rg7 Re6 34. a4 c5 35. Ra7 Kd5 36. Ra5 Rc6 37. Kc1 f4 38. Kd2 g5 39. Ke2 g4 40.
Rxc5+ Rxc5 41. dxc5 1-0

[Event "10. Lovsprings EMT Mesterklassen 1998"]
[Site "Ringsted"]
[Date "1998.03.27"]
[Round "3"]
[White "Preuss, Flemming"]
[Black "Madsen, Morten"]
[Result "1-0"]
[WhiteElo "2062"]
[BlackElo "1976"]
[PlyCount "61"]
[EventDate "1998.??.??"]

1. e4 b6 2. f4 Bb7 3. Nc3 e6 4. Nf3 Bb4 5. Qe2 Nf6 6. d3 d5 7. e5 Nfd7 8. Bd2
h6 9. g3 d4 10. Ne4 Bxd2+ 11. Nfxd2 Na6 12. Bg2 Rb8 13. O-O O-O 14. a3 Nac5 15.
Rae1 Qe7 16. Qf2 Nxe4 17. Nxe4 c5 18. g4 f5 19. gxf5 exf5 20. Nd6 Bxg2 21. Qxg2
Qe6 22. Rf3 Kh7 23. Rg3 Rg8 24. Qh3 Rbf8 25. Ne4 Qe8 26. Ng5+ Kh8 27. Nf3 Kh7
28. Kh1 g6 29. Reg1 b5 30. Ng5+ Kg7 31. Qxh6+ 1-0

[Event "10. Lovsprings EMT Mesterklassen 1998"]
[Site "Ringsted"]
[Date "1998.04.17"]
[Round "4"]
[White "Flindt, Thomas"]
[Black "Jorgensen, Gert"]
[Result "0-1"]
[WhiteElo "1882"]
[BlackElo "2005"]
[PlyCount "116"]
[EventDate "1998.??.??"]

1. e4 e5 2. Nf3 Nc6 3. Bb5 Nf6 4. O-O a6 5. Bxc6 dxc6 6. Nxe5 Be6 7. d3 Bc5 8.
Be3 Bxe3 9. fxe3 Qe7 10. Nf3 O-O-O 11. Qe2 Qb4 12. c3 Qb5 13. Nd4 Bg4 14. Qc2
Qg5 15. Na3 c5 16. Nb3 Qxe3+ 17. Kh1 Be6 18. Rf3 Qg5 19. Rc1 Ng4 20. d4 c4 21.
Nc5 Qh6 22. h3 Nf6 23. Re1 Rhe8 24. d5 Bxd5 25. Rfe3 Qg5 26. Qe2 Nh5 27. Qg4+
Qxg4 28. hxg4 Nf6 29. exd5 Rxe3 30. Rxe3 Rxd5 31. g5 Rd1+ 32. Kh2 Ng4+ 33. Kg3
Nxe3 34. Kf3 Rd5 35. Ne4 Rd3 36. Nc5 Rd5 37. Ne4 Nf5 38. Nxc4 Nd6 39. Ncxd6+
Rxd6 40. Nxd6+ cxd6 41. Ke4 Kd7 42. Kd5 h6 43. gxh6 gxh6 44. a4 f5 45. a5 h5
46. c4 h4 47. c5 dxc5 48. Ke5 Kc6 49. Kxf5 b5 50. axb6 a5 51. b7 Kxb7 52. Ke4
Kc6 53. Kd3 Kb5 54. Kc3 a4 55. Kc2 Kc4 56. Kb1 Kb3 57. Ka1 c4 58. Kb1 c3 0-1